Gastroenterology: official publication of the American Gastroenterological Association
| Corporate Authors: | ; |
|---|---|
| Format: | Print Journal |
| Language: | English |
| Published: |
Philadelphia, Pa.
Elsevier
1943-
Baltimore, Md. Williams & Wilkins anfangs Philadelphia, Pa. [u.a.] Saunders -2003 |
| In: | Year: 1943 |
| Check availability: | HBZ Gateway |
| Subito Delivery Service: | Order now. |
| Volumes / Articles: | Show volumes/articles. |
| Keywords: |
MARC
| LEADER | 00000cas a2200000 c 4500 | ||
|---|---|---|---|
| 001 | 129269190 | ||
| 003 | DE-627 | ||
| 005 | 20250827171839.0 | ||
| 007 | tu | ||
| 008 | 931114c19439999xxuz| p| 0 |0eng c | ||
| 016 | 7 | |a 010545093 |2 DE-101 | |
| 016 | 7 | |a 80112-4 |2 DE-600 | |
| 022 | |a 0016-5085 | ||
| 024 | 7 | |a 00719145 |2 swets | |
| 030 | |a GASTA | ||
| 035 | |a (DE-627)129269190 | ||
| 035 | |a (DE-576)014459639 | ||
| 035 | |a (DE-599)ZDB80112-4 | ||
| 035 | |a (OCoLC)612224607 | ||
| 040 | |a DE-627 |b ger |c DE-627 |e rakwb | ||
| 041 | |a eng | ||
| 044 | |c XD-US | ||
| 082 | 0 | 4 | |a 610 |q DE-101 |
| 082 | 0 | 4 | |a 610 |q DE-600 |
| 084 | |a XA 10000 |2 rvk |0 (DE-625)rvk/152411: | ||
| 084 | |a 44.87 |2 bkl | ||
| 210 | 1 | 0 | |a Gastroenterology |
| 210 | 1 | 0 | |a Gastroent |
| 210 | 1 | 0 | |a Gastroenty |
| 245 | 0 | 0 | |a Gastroenterology |b official publication of the American Gastroenterological Association |
| 246 | 3 | 3 | |a Annual meeting of the American Gastroenterological Association |
| 246 | 3 | 3 | |a Abstracts of papers submitted to the American Gastroenterological Association |
| 246 | 3 | 3 | |a Abstracts of papers submitted to the American Association for the Study of Liver Diseases |
| 246 | 3 | 3 | |a Student research abstracts |
| 264 | 3 | 1 | |a Philadelphia, Pa. |b Elsevier |c 1943- |
| 264 | 2 | 1 | |a Baltimore, Md. |b Williams & Wilkins |c anfangs |
| 264 | 2 | 1 | |a Philadelphia, Pa. [u.a.] |b Saunders |c -2003 |
| 336 | |a Text |b txt |2 rdacontent | ||
| 337 | |a ohne Hilfsmittel zu benutzen |b n |2 rdamedia | ||
| 338 | |a Band |b nc |2 rdacarrier | ||
| 362 | 0 | |a 1.1943 - | |
| 363 | 0 | 1 | |a 1 |i 1943 |
| 500 | |a Darin teils: Annual meeting of the American Gastroenterological Association; ungezählte Beil. 1994: Abstracts of papers submitted to the American Gastroenterological Association; Abstracts of papers submitted to the American Association for the Study of Liver Diseases; Student research abstracts | ||
| 555 | |a Index 76/85.1979/83=86.1984,6,Suppl.; 86/95.1984/88=96.1989,6,Suppl.; 106/115.1994/98 in: 115.1998,6 | ||
| 655 | 7 | |a Zeitschrift |0 (DE-588)4067488-5 |0 (DE-627)10454466X |0 (DE-576)20917000X |2 gnd-content | |
| 689 | 0 | 0 | |d s |0 (DE-588)4078786-2 |0 (DE-627)104251832 |0 (DE-576)209210028 |a Verdauungskanal |2 gnd |
| 689 | 0 | 1 | |d s |0 (DE-588)4032844-2 |0 (DE-627)104493895 |0 (DE-576)208998896 |a Krankheit |2 gnd |
| 689 | 0 | 2 | |d s |0 (DE-588)4067488-5 |0 (DE-627)10454466X |0 (DE-576)20917000X |a Zeitschrift |2 gnd |
| 689 | 0 | |5 DE-101 | |
| 689 | 1 | 0 | |d s |0 (DE-588)4121313-0 |0 (DE-627)105770353 |0 (DE-576)20954225X |a Gastroenterologie |2 gnd |
| 689 | 1 | 1 | |d s |0 (DE-588)4067488-5 |0 (DE-627)10454466X |0 (DE-576)20917000X |a Zeitschrift |2 gnd |
| 689 | 1 | |5 DE-101 | |
| 689 | 2 | 0 | |d s |0 (DE-588)4038243-6 |0 (DE-627)104584963 |0 (DE-576)209029218 |a Medizin |2 gnd |
| 689 | 2 | |5 (DE-627) | |
| 710 | 2 | |a American Gastroenterological Association |e Herausgebendes Organ |0 (DE-588)934-9 |0 (DE-627)100008771 |0 (DE-576)190134356 |4 isb | |
| 710 | 2 | |a American Association for the Study of Liver Diseases |e Herausgebendes Organ |0 (DE-588)8854-7 |0 (DE-627)100261841 |0 (DE-576)190195908 |4 isb | |
| 776 | 1 | |x 1528-0012 | |
| 936 | r | v | |a XA 10000 |b Medizinische Zeitschriften |k Medizin |k Medizinische Zeitschriften |0 (DE-627)1276747985 |0 (DE-625)rvk/152411: |0 (DE-576)206747985 |
| 936 | b | k | |a 44.87 |j Gastroenterologie |0 (DE-627)106409999 |
| 951 | |a JT | ||
| ELC | |b 1 | ||
| LOK | |0 000 xxxxxcy a22 3n 4500 | ||
| LOK | |0 001 210954211X | ||
| LOK | |0 003 DE-627 | ||
| LOK | |0 004 129269190 | ||
| LOK | |0 005 20060321113730 | ||
| LOK | |0 008 880929||||||||||||||||ger||||||| | ||
| LOK | |0 035 |a (DE-600)00483903X | ||
| LOK | |0 040 |a DE-21 |c DE-627 |d DE-21 | ||
| LOK | |0 092 |o l | ||
| LOK | |0 852 |8 1 | ||
| LOK | |0 852 |a DE-21 | ||
| LOK | |0 852 1 |c Jf V 296 |9 00 | ||
| LOK | |0 85900 |8 1.1 |a 10 |i 1948 | ||
| LOK | |0 85910 |8 1.2 |a 125 |i 2003 | ||
| LOK | |0 86630 |a 10.1948 - 125.2003 |z [N=12] | ||
| LOK | |0 866 0 |z ZLS-WZ | ||
| LOK | |0 939 |a 29-11-99 |b z01 | ||
| LOK | |0 000 xxxxxcy a22 3n 4500 | ||
| LOK | |0 001 2505060711 | ||
| LOK | |0 003 DE-627 | ||
| LOK | |0 004 129269190 | ||
| LOK | |0 005 20060321113730 | ||
| LOK | |0 008 060127||||||||||||||||ger||||||| | ||
| LOK | |0 035 |a (DE-600)112954030 | ||
| LOK | |0 040 |a DE-21 |c DE-627 |d DE-21 | ||
| LOK | |0 092 |o l | ||
| LOK | |0 852 |8 2 | ||
| LOK | |0 852 |a DE-21 | ||
| LOK | |0 852 1 |c Jf V 296 |9 00 | ||
| LOK | |0 86630 |a 76/85.1979/83; 86/95.1984/88; 106/115.1994/98 |9 - Index | ||
| LOK | |0 866 0 |z ZLS-WZ | ||
| LOK | |0 939 |a 27-01-06 |b z02 | ||
| LOK | |0 000 xxxxxcy a22 3n 4500 | ||
| LOK | |0 001 2109542128 | ||
| LOK | |0 003 DE-627 | ||
| LOK | |0 004 129269190 | ||
| LOK | |0 005 20110127091413 | ||
| LOK | |0 008 910327||||||||||||||||ger||||||| | ||
| LOK | |0 035 |a (DE-600)004839056 | ||
| LOK | |0 040 |a DE-21-123 |c DE-627 |d DE-21-123 | ||
| LOK | |0 092 |o n | ||
| LOK | |0 852 |8 1 | ||
| LOK | |0 852 |a DE-21-123 | ||
| LOK | |0 852 1 |c Z 91 |9 00 | ||
| LOK | |0 85900 |8 1.1 |a 54 |i 1968 | ||
| LOK | |0 85910 |8 1.2 |a 139 |i 2010 | ||
| LOK | |0 86630 |a 54.1968 - 139.2010 |z [N=115;117;119] | ||
| LOK | |0 939 |a 29-11-99 |b z01 | ||
| LOK | |0 000 xxxxxcy a22 3n 4500 | ||
| LOK | |0 001 2109542136 | ||
| LOK | |0 003 DE-627 | ||
| LOK | |0 004 129269190 | ||
| LOK | |0 005 20110127091413 | ||
| LOK | |0 008 010821||||||||||||||||ger||||||| | ||
| LOK | |0 035 |a (DE-600)061374881 | ||
| LOK | |0 040 |a DE-21-123 |c DE-627 |d DE-21-123 | ||
| LOK | |0 092 |o n | ||
| LOK | |0 852 |8 2 | ||
| LOK | |0 852 |a DE-21-123 | ||
| LOK | |0 852 1 |c Z 91 |9 00 | ||
| LOK | |0 86630 |a 96.1989 - 137.2009 |z [L] |9 - Suppl. zu | ||
| LOK | |0 939 |a 20-02-01 |b z02 | ||
| LOK | |0 000 xxxxxcy a22 3n 4500 | ||
| LOK | |0 001 250506072X | ||
| LOK | |0 003 DE-627 | ||
| LOK | |0 004 129269190 | ||
| LOK | |0 005 20060321113730 | ||
| LOK | |0 008 060127||||||||||||||||ger||||||| | ||
| LOK | |0 035 |a (DE-600)112954049 | ||
| LOK | |0 040 |a DE-21-123 |c DE-627 |d DE-21-123 | ||
| LOK | |0 092 |o n | ||
| LOK | |0 852 |8 2 | ||
| LOK | |0 852 |a DE-21-123 | ||
| LOK | |0 852 1 |c Z 91 |9 00 | ||
| LOK | |0 86630 |a 76/85.1979/83; 86/95.1984/88; 106/115.1994/98 |9 - Index | ||
| LOK | |0 939 |a 27-01-06 |b z02 | ||
| ORI | |a SA-MARC-krimdokb001.raw | ||
| SPR | |a 1 |t KRI | ||
